| 000 | 01007nam a22002175i 4500 | ||
|---|---|---|---|
| 001 | 164104 | ||
| 003 | ES-MaACL | ||
| 005 | 20250728111240.0 | ||
| 008 | 950206s1881 sp |||| | spa d | ||
| 040 | _aCLM | ||
| 100 | 1 |
_aRubió y Ors, Joaquín, _d1818-1899 _9132151 |
|
| 245 | 1 | 4 |
_aLos supuestos conflictos entre la religión y la ciencia o sea La obra de Draper ante el tribunal del sentido común, de la razón y de la historia / _cescrita por Joaquín Rubió y Ors. |
| 260 |
_aMadrid : _b[s.n.], _c1881 ( _fTipografía Guttenberg) |
||
| 300 |
_a499 p. ; _c24 cm. |
||
| 500 | 1 | _aObra premiada con accessit por la Real Academia de Ciencias Morales y políticas en el Concurso Extraordinario de 1878. | |
| 600 | 0 | 4 |
_aDraper, John William. _945590 |
| 650 | 7 |
_aReligión y ciencia _2embne _916806 |
|
| 852 |
_aES-MaACL _jF-M-III-O (V) _z-- Enc. pasta española _q-- Falto de la cub. original _z-- Enc. en un vol. facticio |
||
| 852 |
_aES-MaACL _jC-2311 _z-- Rust. |
||
| 999 |
_c164104 _d164104 |
||